00575nam a22002057a 4500003000500000005001700005008004100022010001100063011001100074035001100085040000900096082001600105100002300121245009000144260004700234300001700281650002100298700002000319700003000339CHAP20220329143753.0110803s1995 us r 00010 eng d a101693 a102665 a113354 cCHAP00a339.23bM371 aMas-Colell, Andreu10aMicroeconomic theoryc/por Andreu Mas - Colell, Michael D. Whinston y Jerry R. Green. aNew York :bOxford University Press,c1995 axvii, 981 p.14aMicroeconomía.0 aGreen, Jerry R.1 aWhinston, Michael Dennis.